Find the Female Supreme Court Justices Quiz Stats

 Plays Quiz Updated Nov 19, 2020

Support Sporcle.
Go Orange.
Score 0/5 Timer 01:00
0 Plays Today
% Correct
Ruth Bader Ginsburg
95.4%
Sonia Sotomayor
95%
Amy Coney Barrett
93.8%
Sandra Day O’Connor
93.1%
Elena Kagan
89.4%

You're not logged in!

Compare scores with friends on all Sporcle quizzes.
OR
Log In

From the Vault

Things That Are Square

by MSUKent

We have Huey Lewis on the phone right now, and he says everything on this quiz is hip.
Remove Ads.
Support Sporcle.
Get the best of Sporcle when you Go Orange. This ad-free experience offers more features, more stats, and more fun while also helping to support Sporcle. Thank you for becoming a member.

Show Comments

Extras

Top Quizzes Today


Score Distribution

Your Account Isn't Verified!

In order to create a playlist on Sporcle, you need to verify the email address you used during registration. Go to your Sporcle Settings to finish the process.

Report this User

Report this user for behavior that violates our Community Guidelines.

Details: